Cash flow forecasting / (Record no. 15083)
[ view plain ]
| 000 -LEADER | |
|---|---|
| fixed length control field | 00734pam a2200265 a 4500 |
| 001 - CONTROL NUMBER | |
| control field | 15083 |
| 003 - CONTROL NUMBER IDENTIFIER | |
| rucl marc code | BD-RjUL |
| 005 - DATE AND TIME OF LATEST TRANSACTION | |
| control field | 20211208235739.0 |
| 008 - FIXED-LENGTH DATA ELEMENTS--GENERAL INFORMATION | |
| fixed length control field | 140209s1982 nyu 001 0 eng |
| 020 ## - INTERNATIONAL STANDARD BOOK NUMBER | |
| International Standard Book Number | 007038746X : |
| 035 ## - SYSTEM CONTROL NUMBER | |
| System control number | (BD-RjUL)15137 |
| 040 ## - CATALOGING SOURCE | |
| Original cataloging agency | DLC |
| Transcribing agency | DLC |
| Modifying agency | DLC |
| -- | BD-RjUL |
| Language of cataloging | eng |
| 041 ## - LANGUAGE CODE | |
| Language code of text/sound track or separate title | eng |
| 082 00 - DEWEY DECIMAL CLASSIFICATION NUMBER | |
| Classification number | 658.15244 |
| Edition number | 23 |
| Author mark and year | LOC 1982 |
| 100 1# - MAIN ENTRY--PERSONAL NAME | |
| Personal name | Loscalzo, William. |
| 9 (RLIN) | 46952 |
| 245 10 - TITLE STATEMENT | |
| Title | Cash flow forecasting / |
| Statement of responsibility, etc. | William Loscalzo. |
| 260 ## - PUBLICATION, DISTRIBUTION, ETC. (IMPRINT) | |
| Place of publication, distribution, etc. | New York : |
| Name of publisher, distributor, etc. | McGraw-Hill, |
| Date of publication, distribution, etc. | c1982. |
| 300 ## - PHYSICAL DESCRIPTION | |
| Pagination | vii, 183 p. ; |
| Size | 24 cm. |
| 504 ## - BIBLIOGRAPHY, ETC. NOTE | |
| Bibliography, etc | Includes index. |
| 650 #0 - SUBJECT ADDED ENTRY--TOPICAL TERM | |
| Topical term or geographic name as entry element | Cash flow |
| General subdivision | Forecasting. |
| 9 (RLIN) | 46953 |
| Topical term or geographic name as entry element | Cash management. |
| 9 (RLIN) | 46954 |
| 942 ## - ADDED ENTRY ELEMENTS (KOHA) | |
| Source of classification or shelving scheme | Dewey Decimal Classification |
| Koha item type | Books |
| Lost status | Source of classification or shelving scheme | Damaged status | Not for loan | Collection code | Permanent Location | Current Location | Shelving location | Date acquired | Source of acquisition | Cost, normal purchase price | Total Checkouts | Full call number | Date last seen | Copy number | Koha item type |
|---|---|---|---|---|---|---|---|---|---|---|---|---|---|---|---|
| Dewey Decimal Classification | Non-fiction | Central Library, University of Rajshahi | Central Library, University of Rajshahi | 28/02/1985 | Tulip | 68.70 | 658.15244 LOC 1982 | 09/02/2014 | C-3 | Books | |||||
| Dewey Decimal Classification | Not For Loan | Non-fiction | Central Library, University of Rajshahi | Central Library, University of Rajshahi | Reading Room | 28/02/1985 | Tulip ent. | 68.70 | 658.15244 LOC 1982 | 20/12/2016 | C-1 | Books | |||
| Dewey Decimal Classification | Non-fiction | Central Library, University of Rajshahi | Central Library, University of Rajshahi | 28/02/1985 | Tulip Interprise , Dhaka | 68.70 | 658.15244 LOC 1982 | 10/04/2019 | C-2 | Books | |||||
| Dewey Decimal Classification | Non-fiction | Central Library, University of Rajshahi | Central Library, University of Rajshahi | 28/02/1985 | Tulip Interprise , Dhaka | 68.70 | 658.15244 LOC 1982 | 10/04/2019 | C-4 | Books | |||||
| Dewey Decimal Classification | Non-fiction | Central Library, University of Rajshahi | Central Library, University of Rajshahi | 28/02/1985 | Tulip Interprise , Dhaka | 68.70 | 658.15244 LOC 1982 | 10/04/2019 | C-5 | Books | |||||
| Dewey Decimal Classification | Non-fiction | Central Library, University of Rajshahi | Central Library, University of Rajshahi | 28/02/1985 | Tulip Interprise , Dhaka | 68.70 | 658.15244 LOC 1982 | 10/04/2019 | C-6 | Books | |||||
| Dewey Decimal Classification | Non-fiction | Central Library, University of Rajshahi | Central Library, University of Rajshahi | 28/02/1985 | Tulip Interprise , Dhaka | 68.70 | 658.15244 LOC 1982 | 10/04/2019 | C-7 | Books | |||||
| Dewey Decimal Classification | Non-fiction | Central Library, University of Rajshahi | Central Library, University of Rajshahi | 28/02/1985 | Tulip Interprise , Dhaka | 68.70 | 658.15244 LOC 1982 | 10/04/2019 | C-8 | Books | |||||
| Dewey Decimal Classification | Non-fiction | Central Library, University of Rajshahi | Central Library, University of Rajshahi | 28/02/1985 | Tulip Interprise , Dhaka | 68.70 | 658.15244 LOC 1982 | 10/04/2019 | C-9 | Books |